Etika audítora a súčasné zmeny v etickom kódexe IFACU

Pojem etika. Profesijná etika audítorov. Etický kódex IFAC (International Federation of Accountants).

Salvato in:
Dettagli Bibliografici
Autore principale: Kareš, Ladislav
Altri autori: Domaracká, Denisa
Natura: Capitolo di libro
Lingua:slovacco
Soggetti:
Tags: Aggiungi Tag
Nessun Tag, puoi essere il primo ad aggiungerne!!

MARC

LEADER 00000naa a2200000 4500
001 0260101
005 20240502074119.6
041 0 |a slo 
044 |a SK 
245 1 0 |a Etika audítora a súčasné zmeny v etickom kódexe IFACU  |c Ladislav Kareš, Denisa Domaracká 
520 |a Pojem etika. Profesijná etika audítorov. Etický kódex IFAC (International Federation of Accountants). 
610 2 0 |a kódexy etické 
610 2 0 |a audítori 
610 2 0 |a audítorstvo 
610 2 0 |a harmonizácia 
610 2 0 |a štandardy audítorské medzinárodné 
100 1 |a Kareš, Ladislav 
700 1 |a Domaracká, Denisa